[Event "Titled Tuesday intern op 16th Apr Early"]
[Site "Chess.com INT"]
[Date "2024.04.16"]
[Round "10"]
[White "Aliyev, Ravan"]
[Black "Belov, Alexei"]
[Result "1-0"]
[WhiteElo "2352"]
[BlackElo "2421"]
[PlyCount "61"]
[EventDate "2024.04.16"]
[EventType "swiss (blitz)"]
[EventRounds "11"]
[EventCountry "USA"]
[SourceTitle "CB17_2024"]
[SourceDate "2024.04.24"]
[SourceVersion "1"]
[SourceVersionDate "2024.04.24"]
[SourceQuality "1"]

1. d4 d5 2. Nf3 e6 3. c4 Nf6 4. Nc3 Be7 5. Bf4 0-0 6. e3 Nbd7 7. c5 c6 8. b4 b6 9. h4 a5 10. a3 Ba6 11. Bxa6 Rxa6 12. b5 cxb5 13. c6 Qc8 14. c7 b4 15. Nb5 bxa3 16. Qc2 Bb4+ 17. Ke2 Ne4 18. Ng5 Ndf6 19. f3 Qd7 20. fxe4 Qxb5+ 21. Kf2 Raa8 22. Rhc1 Rfc8 23. exd5 exd5 24. Be5 Ne4+ 25. Nxe4 dxe4 26. Qxe4 f6 27. Bf4 Bc3 28. Rxc3 Qb2+ 29. Rc2 Qxa1 30. Qd5+ Kh8 31. Qxa8 1-0

[Event "Titled Tuesday intern op 16th Apr Early"]
[Site "Chess.com INT"]
[Date "2024.04.16"]
[Round "6"]
[White "Belov, Alexei"]
[Black "Ljukin, Sergei"]
[Result "1-0"]
[WhiteElo "2421"]
[BlackElo "2362"]
[PlyCount "109"]
[EventDate "2024.04.16"]
[EventType "swiss (blitz)"]
[EventRounds "11"]
[EventCountry "USA"]
[SourceTitle "CB17_2024"]
[SourceDate "2024.04.24"]
[SourceVersion "1"]
[SourceVersionDate "2024.04.24"]
[SourceQuality "1"]

1. e4 e6 2. d4 d5 3. Nd2 Nf6 4. e5 Nfd7 5. Bd3 c5 6. c3 Nc6 7. Ne2 cxd4 8. cxd4 f6 9. exf6 Qxf6 10. Nf3 h6 11. 0-0 Bd6 12. Be3 0-0 13. Qd2 Rd8 14. Bf4 Bxf4 15. Qxf4 Qxf4 16. Nxf4 Nf6 17. Ng6 Bd7 18. Rfe1 Rac8 19. a3 Rc7 20. Rac1 Rcc8 21. b4 Kf7 22. Rc5 Ke8 23. Rec1 Ne7 24. Nfe5 Nxg6 25. Bxg6+ Ke7 26. h3 Rxc5 27. bxc5 Rc8 28. Rb1 Rc7 29. Kf1 a6 30. Bd3 Be8 31. Ke2 Nd7 32. Nxd7 Bxd7 33. Ke3 Bc6 34. Rb6 Kd7 35. Kf4 Rc8 36. Ke5 g5 37. g3 Rf8 38. f4 gxf4 39. gxf4 Rg8 40. f5 exf5 41. Bxf5+ Ke7 42. Rb3 Rg1 43. Re3 Rf1 44. Bg4 Rf2 45. Rf3 Re2+ 46. Kf4 Rd2 47. Re3+ Kf7 48. Ke5 Rf2 49. Rf3+ Rxf3 50. Bxf3 Bd7 51. Bxd5+ Kg6 52. h4 Kh5 53. Be6 Bb5 54. d5 Kxh4 55. d6 1-0

[Event "Titled Tuesday intern op 16th Apr Early"]
[Site "Chess.com INT"]
[Date "2024.04.16"]
[Round "4"]
[White "Belov, Alexei"]
[Black "Stojanovski, Sandi"]
[Result "1-0"]
[WhiteElo "2421"]
[BlackElo "2169"]
[PlyCount "45"]
[EventDate "2024.04.16"]
[EventType "swiss (blitz)"]
[EventRounds "11"]
[EventCountry "USA"]
[SourceTitle "CB17_2024"]
[SourceDate "2024.04.24"]
[SourceVersion "1"]
[SourceVersionDate "2024.04.24"]
[SourceQuality "1"]

1. e4 d6 2. d4 Nf6 3. Nc3 g6 4. f4 Bg7 5. Nf3 0-0 6. Be3 b6 7. Bc4 Bb7 8. e5 Ng4 9. Bg1 c5 10. Qe2 cxd4 11. Bxd4 Nc6 12. 0-0-0 Qc8 13. Bd5 dxe5 14. fxe5 Nxd4 15. Rxd4 Nh6 16. g4 e6 17. Bxb7 Qxb7 18. Rhd1 Rfc8 19. Ne4 Qc6 20. Rd6 Qa4 21. Kb1 Nxg4 22. R6d4 Qc6 23. Nd6 1-0

[Event "Titled Tuesday intern op 02nd Apr Early"]
[Site "Chess.com INT"]
[Date "2024.04.02"]
[Round "4"]
[White "Vujovic, Vera"]
[Black "Belov, Alexei"]
[Result "0-1"]
[WhiteElo "2106"]
[BlackElo "2421"]
[PlyCount "48"]
[EventDate "2024.04.02"]
[EventType "swiss (blitz)"]
[EventRounds "11"]
[EventCountry "USA"]
[SourceTitle "CB15_2024"]
[SourceDate "2024.04.10"]
[SourceVersion "1"]
[SourceVersionDate "2024.04.10"]
[SourceQuality "1"]

1. e4 e6 2. c4 d5 3. cxd5 exd5 4. exd5 Nf6 5. Nc3 Be7 6. Bc4 0-0 7. Nf3 Nbd7 8. 0-0 Nb6 9. Qb3 a6 10. a4 Nxc4 11. Qxc4 Bd6 12. d4 h6 13. Ne5 b5 14. Qc6 Rb8 15. axb5 Bb7 16. Qc4 axb5 17. Nxb5 Bxd5 18. Qd3 Bxg2 19. Nxf7 Rxf7 20. Kxg2 Ng4 21. h3 Qh4 22. Nxd6 Rxf2+ 23. Kg1 Rbf8 24. Qb3+ Kh8 0-1

[Event "Titled Tuesday intern op 12th Mar Early"]
[Site "Chess.com INT"]
[Date "2024.03.12"]
[Round "9"]
[White "Koridze, Lile"]
[Black "Belov, Alexei"]
[Result "1-0"]
[WhiteElo "2121"]
[BlackElo "2421"]
[PlyCount "111"]
[EventDate "2024.03.12"]
[EventType "swiss (blitz)"]
[EventRounds "11"]
[EventCountry "USA"]
[SourceTitle "CB12_2024"]
[SourceDate "2023.10.01"]
[SourceVersion "1"]
[SourceVersionDate "2023.10.01"]
[SourceQuality "1"]

1. d4 d5 2. c4 e6 3. Nf3 Nf6 4. g3 Be7 5. Bg2 0-0 6. 0-0 dxc4 7. Qc2 a6 8. Qxc4 b5 9. Qc2 Bb7 10. a3 Be4 11. Qd1 c5 12. Nc3 Bb7 13. Bg5 Nbd7 14. dxc5 Nxc5 15. Qc2 Rc8 16. Rad1 Qb6 17. Be3 b4 18. axb4 Qxb4 19. Rd4 Qa5 20. b4 Qa3 21. bxc5 Bxc5 22. Nb1 Qa5 23. Rc4 Bxe3 24. fxe3 Ng4 25. Rxc8 Rxc8 26. Qd3 Rd8 27. Qb3 Bd5 28. Qc3 Qxc3 29. Nxc3 Nxe3 30. Ra1 Nxg2 31. Nxd5 Rxd5 32. Kxg2 a5 33. Kf2 g5 34. Ne1 Kg7 35. Nd3 f5 36. Nb2 Rc5 37. Ra4 Kf6 38. Nc4 Rc6 39. Nxa5 Ra6 40. Ra3 h5 41. Nc4 Rc6 42. Ne3 f4 43. g4 fxe3+ 44. Rxe3 hxg4 45. Rg3 Kf5 46. Ra3 Rc4 47. Ra5+ e5 48. Ra8 Rf4+ 49. Kg2 Ke4 50. Ra3 Rf8 51. Kg3 Rh8 52. Ra4+ Ke3 53. Rxg4 e4 54. Kg2 Rh4 55. Rxg5 Kxe2 56. Ra5 1-0

[Event "Titled Tuesday intern op 12th Mar Early"]
[Site "Chess.com INT"]
[Date "2024.03.12"]
[Round "4"]
[White "Schmakel, Sam A"]
[Black "Belov, Alexei"]
[Result "0-1"]
[WhiteElo "2457"]
[BlackElo "2421"]
[PlyCount "68"]
[EventDate "2024.03.12"]
[EventType "swiss (blitz)"]
[EventRounds "11"]
[EventCountry "USA"]
[SourceTitle "CB12_2024"]
[SourceDate "2023.10.01"]
[SourceVersion "1"]
[SourceVersionDate "2023.10.01"]
[SourceQuality "1"]

1. Nf3 d5 2. g3 e6 3. Bg2 Nf6 4. 0-0 Be7 5. c4 0-0 6. b3 c5 7. Bb2 dxc4 8. bxc4 Nc6 9. e3 Qc7 10. d4 cxd4 11. exd4 Na5 12. Na3 Bd7 13. Rc1 Rfd8 14. Qe2 Rac8 15. Ne5 Be8 16. d5 Qb6 17. dxe6 Qxe6 18. Nb5 Nxc4 19. Nxa7 Ra8 20. Qxc4 Rxa7 21. Qxe6 fxe6 22. Bh3 Bf7 23. Rc7 Nd5 24. Rc4 Rxa2 25. Bd4 Rd2 26. Bc5 Bf6 27. Nxf7 Kxf7 28. Re1 Re8 29. Bd6 b5 30. Rc5 b4 31. Rb5 Bc3 32. Rb7+ Kf6 33. Rb1 Bd4 34. Rf1 Rc8 0-1

[Event "Titled Tuesday intern op 13th Feb Early"]
[Site "Chess.com INT"]
[Date "2024.02.13"]
[Round "2"]
[White "Belov, Alexei"]
[Black "Hnatyshyn, Anastasiya"]
[Result "0-1"]
[WhiteElo "2421"]
[BlackElo "2178"]
[PlyCount "84"]
[EventDate "2024.02.13"]
[EventType "swiss (blitz)"]
[EventRounds "11"]
[EventCountry "USA"]
[SourceTitle "CB08_2024"]
[SourceDate "2024.02.21"]
[SourceVersion "1"]
[SourceVersionDate "2024.02.21"]
[SourceQuality "1"]

1. e4 e6 2. d4 d5 3. Nd2 c5 4. Ngf3 Nc6 5. exd5 Qxd5 6. Bc4 Qd7 7. Nb3 cxd4 8. 0-0 a6 9. Nbxd4 Nxd4 10. Qxd4 Qxd4 11. Nxd4 Bd7 12. Be2 Rd8 13. Rd1 Nf6 14. Bf4 Bc5 15. Bf3 b5 16. Bb7 Bc8 17. Nc6 Rxd1+ 18. Rxd1 0-0 19. Nd8 Bxb7 20. Nxb7 Be7 21. Bd6 Bxd6 22. Rxd6 g6 23. Rxa6 Rc8 24. c3 b4 25. Nd6 Rc7 26. c4 Kg7 27. Kf1 h5 28. Ke2 Rc5 29. Rb6 Ra5 30. Rxb4 Rxa2 31. Rb7 Ng4 32. h3 Ne5 33. f4 Nc6 34. Rxf7+ Kg8 35. Rb7 Nd4+ 36. Kd3 Nf5 37. Ke4 Nxd6+ 38. Ke5 Nxb7 39. Kxe6 Rxb2 40. Kd7 Rc2 41. Kc6 Rxc4+ 42. Kxb7 Rxf4 0-1

[Event "Titled Tuesday intern op 06th Feb Early"]
[Site "Chess.com INT"]
[Date "2024.02.06"]
[Round "8"]
[White "Belov, Alexei"]
[Black "Lerch, Johannes"]
[Result "0-1"]
[WhiteElo "2421"]
[BlackElo "2264"]
[PlyCount "86"]
[EventDate "2024.02.06"]
[EventType "swiss (blitz)"]
[EventRounds "11"]
[EventCountry "USA"]
[SourceTitle "CB07_2024"]
[SourceDate "2024.02.14"]
[SourceVersion "1"]
[SourceVersionDate "2024.02.14"]
[SourceQuality "1"]

1. e4 c6 2. d4 d5 3. Nd2 dxe4 4. Nxe4 Bf5 5. Ng3 Bg6 6. N1e2 Nf6 7. c3 h6 8. Nf4 Bh7 9. Bc4 e6 10. Qf3 Bd6 11. Nfh5 Nxh5 12. Nxh5 0-0 13. 0-0 Nd7 14. Re1 Nb6 15. Bb3 Nd5 16. Bd2 Qh4 17. g3 Qh3 18. c4 Bg6 19. Nxg7 Kxg7 20. cxd5 cxd5 21. Bf4 Bxf4 22. Qxf4 Qf5 23. Qxf5 Bxf5 24. Rac1 Rac8 25. f3 h5 26. Kf2 Kf6 27. Ke3 Ke7 28. Kf4 Kf6 29. h4 Rg8 30. Rxc8 Rxc8 31. g4 hxg4 32. fxg4 Be4 33. Rf1 Rh8 34. h5 Rg8 35. g5+ Rxg5 36. Rh1 Rf5+ 37. Ke3 Rf3+ 38. Ke2 Rxb3 39. Rf1+ Rf3 40. Rxf3+ Bxf3+ 41. Kxf3 Kg5 42. h6 Kxh6 43. Kf4 f6 0-1

[Event "Titled Tuesday intern op 06th Feb Early"]
[Site "Chess.com INT"]
[Date "2024.02.06"]
[Round "4"]
[White "Belov, Alexei"]
[Black "Movsesian, Sergei"]
[Result "1/2-1/2"]
[WhiteElo "2421"]
[BlackElo "2608"]
[PlyCount "84"]
[EventDate "2024.02.06"]
[EventType "swiss (blitz)"]
[EventRounds "11"]
[EventCountry "USA"]
[SourceTitle "CB07_2024"]
[SourceDate "2024.02.14"]
[SourceVersion "1"]
[SourceVersionDate "2024.02.14"]
[SourceQuality "1"]

1. e4 c5 2. Nf3 e6 3. d4 cxd4 4. Nxd4 Nc6 5. Nc3 a6 6. Be2 d6 7. 0-0 Nf6 8. Be3 Be7 9. f4 0-0 10. a4 Bd7 11. Nb3 b6 12. Bf3 Qc7 13. Qe2 Bc8 14. e5 dxe5 15. fxe5 Nd7 16. Bf4 Bb7 17. Kh1 Rad8 18. Rae1 Nc5 19. Nxc5 Bxc5 20. Be4 Nd4 21. Qg4 Nf5 22. Bg5 Rd4 23. Bf6 g6 24. Qf3 Rb8 25. Bxb7 Qxb7 26. Ne4 Bf8 27. g4 Nh6 28. Bg5 Rxa4 29. b3 Ra2 30. Qf4 Rc8 31. Bxh6 Bxh6 32. Qxh6 Rcxc2 33. Rf4 Re2 34. Rd1 Rad2 35. Rxd2 Rxd2 36. Qg5 Rd4 37. Qf6 Rxe4 38. Qd8+ Kg7 39. Qf6+ Kg8 40. Qd8+ Kg7 41. Qf6+ Kf8 42. Qd8+ Kg7 1/2-1/2

[Event "Titled Tuesday intern op 16th Jan Early"]
[Site "Chess.com INT"]
[Date "2024.01.16"]
[Round "10"]
[White "Belov, Alexei"]
[Black "Chuersakul, Sarocha"]
[Result "1-0"]
[WhiteElo "2421"]
[BlackElo "1820"]
[PlyCount "47"]
[EventDate "2024.01.16"]
[EventType "swiss (blitz)"]
[EventRounds "11"]
[EventCountry "USA"]
[SourceTitle "CB04_2024"]
[SourceDate "2023.10.16"]
[SourceVersion "1"]
[SourceVersionDate "2023.10.16"]
[SourceQuality "1"]

1. e4 c5 2. Nf3 d6 3. d4 cxd4 4. Nxd4 Nf6 5. Nc3 a6 6. Be2 e5 7. Nb3 Be6 8. f4 Qc7 9. 0-0 Be7 10. f5 Bc4 11. Kh1 Nbd7 12. a4 h6 13. Rg1 Rc8 14. a5 Bxe2 15. Qxe2 Qc4 16. Qf3 Nc5 17. Nxc5 Qxc5 18. Ra4 Qc6 19. Be3 g5 20. fxg6 fxg6 21. Rf1 g5 22. Qf5 Qd7 23. Qg6+ Kd8 24. Bb6+ 1-0

[Event "Titled Tuesday intern op 16th Jan Early"]
[Site "Chess.com INT"]
[Date "2024.01.16"]
[Round "2"]
[White "Belov, Alexei"]
[Black "Zhigalko, Sergei"]
[Result "0-1"]
[WhiteElo "2421"]
[BlackElo "2572"]
[PlyCount "82"]
[EventDate "2024.01.16"]
[EventType "swiss (blitz)"]
[EventRounds "11"]
[EventCountry "USA"]
[SourceTitle "CB04_2024"]
[SourceDate "2023.10.16"]
[SourceVersion "1"]
[SourceVersionDate "2023.10.16"]
[SourceQuality "1"]

1. e4 c5 2. Nf3 Nc6 3. d4 cxd4 4. Nxd4 Nf6 5. Nc3 e5 6. Ndb5 d6 7. Bg5 a6 8. Na3 b5 9. Nd5 Be7 10. Bxf6 Bxf6 11. c3 Bg5 12. Nc2 Ne7 13. Nxe7 Qxe7 14. Bd3 0-0 15. 0-0 Rb8 16. Nb4 Bb7 17. a4 a5 18. Nd5 Bxd5 19. exd5 b4 20. Bb5 bxc3 21. bxc3 f5 22. Rb1 e4 23. Bc6 Qe5 24. Qc2 f4 25. Rfe1 Rxb1 26. Qxb1 e3 27. fxe3 fxe3 28. Qd3 Bf4 29. Kh1 Qh5 30. h3 Qg5 31. g4 Qh4 32. Rxe3 Bxe3 33. Qxe3 Qf2 34. Qxf2 Rxf2 35. c4 Rc2 36. Bb5 g5 37. Kg1 Kg7 38. Kf1 Kf6 39. Ke1 Ke5 40. Kd1 Rh2 41. Bd7 Kd4 0-1

[Event "Titled Tuesday intern op 16th Jan Early"]
[Site "Chess.com INT"]
[Date "2024.01.16"]
[Round "3"]
[White "Xie, Bryan"]
[Black "Belov, Alexei"]
[Result "0-1"]
[WhiteElo "2279"]
[BlackElo "2421"]
[PlyCount "116"]
[EventDate "2024.01.16"]
[EventType "swiss (blitz)"]
[EventRounds "11"]
[EventCountry "USA"]
[SourceTitle "CB04_2024"]
[SourceDate "2023.10.16"]
[SourceVersion "1"]
[SourceVersionDate "2023.10.16"]
[SourceQuality "1"]

1. e4 e6 2. d4 d5 3. e5 c5 4. c3 Qb6 5. Nf3 Nc6 6. a3 Bd7 7. b4 cxd4 8. cxd4 Rc8 9. Bb2 Na5 10. Nbd2 Nc4 11. Nxc4 dxc4 12. Rc1 a5 13. Nd2 axb4 14. Nxc4 Qd8 15. a4 Nh6 16. d5 exd5 17. Qxd5 Bc6 18. Qxd8+ Rxd8 19. Na5 Bxa4 20. Nxb7 Rb8 21. Nc5 Bxc5 22. Rxc5 0-0 23. Bd3 Rfd8 24. Ke2 Ng4 25. Bc4 Rbc8 26. Rxc8 Rxc8 27. Rc1 Rxc4 28. Rxc4 Bb5 29. Kd3 Nxf2+ 30. Kd4 Bxc4 31. Kxc4 Kf8 32. Bd4 Ng4 33. h3 Nh6 34. g4 Ke7 35. Kxb4 Ke6 36. Kc4 Ng8 37. Kd3 Kd5 38. Bb2 Ne7 39. e6 f6 40. g5 Kxe6 41. gxf6 gxf6 42. Ke4 Ng6 43. Bc3 f5+ 44. Kf3 Kd5 45. Bb2 h5 46. Ba1 Ke6 47. Bb2 Ne5+ 48. Ke3 Nc4+ 49. Kf4 Nxb2 50. Kg5 Ke5 51. Kxh5 f4 52. Kg4 Ke4 53. h4 f3 54. h5 f2 55. h6 f1Q 56. h7 Qh1 57. Kg5 Qxh7 58. Kf6 Qf5+ 0-1

[Event "Titled Tuesday intern op 09th Jan Early"]
[Site "Chess.com INT"]
[Date "2024.01.09"]
[Round "7"]
[White "Belov, Alexei"]
[Black "Fier, Alexandr"]
[Result "1/2-1/2"]
[WhiteElo "2421"]
[BlackElo "2549"]
[PlyCount "115"]
[EventDate "2024.01.09"]
[EventType "swiss (blitz)"]
[EventRounds "11"]
[EventCountry "USA"]
[SourceTitle "CB03_2024"]
[SourceDate "2024.01.17"]
[SourceVersion "1"]
[SourceVersionDate "2024.01.17"]
[SourceQuality "1"]

1. e4 c5 2. Nf3 d6 3. d4 cxd4 4. Nxd4 Nf6 5. Nc3 g6 6. Be3 Nc6 7. f3 h5 8. Bc4 Bd7 9. Qd2 Nxd4 10. Bxd4 Bh6 11. Qf2 Qa5 12. 0-0 0-0 13. Bxf6 exf6 14. Rfd1 Bf4 15. Nd5 Be5 16. c3 f5 17. f4 Bg7 18. exf5 Bxf5 19. Ne7+ Kh8 20. b4 Qc7 21. Nxf5 Qxc4 22. Nxg7 Kxg7 23. Qd4+ Qxd4+ 24. Rxd4 Rac8 25. Rc1 Rfe8 26. Kf2 Rc6 27. c4 b5 28. Rcd1 bxc4 29. Rxd6 Rcc8 30. Kf3 Re7 31. Rd7 Rxd7 32. Rxd7 c3 33. Rd1 c2 34. Rc1 Kf6 35. a3 Kf5 36. h3 h4 37. Ke3 Rc7 38. Kd3 Re7 39. Rxc2 Kxf4 40. Kd4 Kg3 41. b5 f5 42. a4 f4 43. Kd5 f3 44. gxf3 Kxh3 45. Kd6 Re3 46. a5 Rb3 47. Kc6 Kg3 48. Rc4 h3 49. Rg4+ Kxf3 50. Rxg6 h2 51. Rh6 Kg2 52. Rxh2+ Kxh2 53. b6 axb6 54. axb6 Kg3 55. b7 Kf4 56. Kc7 Ke5 57. b8Q Rxb8 58. Kxb8 1/2-1/2

[Event "Titled Tuesday intern op 09th Jan Early"]
[Site "Chess.com INT"]
[Date "2024.01.09"]
[Round "10"]
[White "Belov, Alexei"]
[Black "Novozhilov, Semen"]
[Result "1-0"]
[WhiteElo "2421"]
[BlackElo "2272"]
[PlyCount "63"]
[EventDate "2024.01.09"]
[EventType "swiss (blitz)"]
[EventRounds "11"]
[EventCountry "USA"]
[SourceTitle "CB03_2024"]
[SourceDate "2024.01.17"]
[SourceVersion "1"]
[SourceVersionDate "2024.01.17"]
[SourceQuality "1"]

1. e4 c5 2. Nf3 Nc6 3. d4 cxd4 4. Nxd4 Nf6 5. Nc3 d6 6. Be2 e5 7. Nb3 Be7 8. 0-0 0-0 9. f4 h6 10. Kh1 Be6 11. Bf3 Bc4 12. Re1 b5 13. a4 b4 14. Nd5 Bxb3 15. cxb3 Nd7 16. f5 Nd4 17. Be2 Nc5 18. Bc4 Bg5 19. f6 Bxf6 20. Qg4 Bg5 21. h4 Bxc1 22. Raxc1 Kh7 23. Nxb4 f5 24. exf5 Nxf5 25. Nd3 Nxh4 26. Nxc5 dxc5 27. Rcd1 Qe7 28. Rd5 Nf5 29. Bd3 e4 30. Rxe4 Qf7 31. Rxf5 Qxf5 32. Re3 1-0

[Event "Titled Tuesday intern op 09th Jan Early"]
[Site "Chess.com INT"]
[Date "2024.01.09"]
[Round "9"]
[White "Matinian, Nikita"]
[Black "Belov, Alexei"]
[Result "1-0"]
[WhiteElo "2418"]
[BlackElo "2421"]
[PlyCount "45"]
[EventDate "2024.01.09"]
[EventType "swiss (blitz)"]
[EventRounds "11"]
[EventCountry "USA"]
[SourceTitle "CB03_2024"]
[SourceDate "2024.01.17"]
[SourceVersion "1"]
[SourceVersionDate "2024.01.17"]
[SourceQuality "1"]

1. e4 e6 2. d4 d5 3. Nc3 Nf6 4. Bg5 dxe4 5. Nxe4 Be7 6. Nxf6+ Bxf6 7. Bxf6 Qxf6 8. Nf3 0-0 9. Bd3 c5 10. Qe2 cxd4 11. Qe4 Qh6 12. h4 Nc6 13. Ng5 f5 14. Qe2 Qf6 15. Bc4 Kh8 16. 0-0-0 e5 17. Qh5 h6 18. f4 exf4 19. Rde1 Bd7 20. Bf7 Ne5 21. Rxe5 Qxe5 22. Qg6 Qe3+ 23. Kb1 1-0

[Event "Titled Tuesday intern op 09th Jan Early"]
[Site "Chess.com INT"]
[Date "2024.01.09"]
[Round "4"]
[White "Shuvalova, Polina"]
[Black "Belov, Alexei"]
[Result "1-0"]
[WhiteElo "2475"]
[BlackElo "2421"]
[PlyCount "57"]
[EventDate "2024.01.09"]
[EventType "swiss (blitz)"]
[EventRounds "11"]
[EventCountry "USA"]
[SourceTitle "CB03_2024"]
[SourceDate "2024.01.17"]
[SourceVersion "1"]
[SourceVersionDate "2024.01.17"]
[SourceQuality "1"]

1. e4 e6 2. d4 d5 3. exd5 exd5 4. Nf3 Nf6 5. c4 Be7 6. Nc3 0-0 7. cxd5 Nbd7 8. Bd3 Nb6 9. 0-0 Nbxd5 10. h3 c6 11. Re1 Re8 12. Ne5 Be6 13. Bg5 h6 14. Bd2 Qb6 15. Na4 Qxd4 16. Bxh6 Qh4 17. Bd2 Rad8 18. Nf3 Qh5 19. Re5 Qh8 20. Qe2 Bd6 21. Rg5 Bf4 22. Re5 Bxd2 23. Qxd2 Nc7 24. Nc5 Bc4 25. Rxe8+ Ncxe8 26. Bh7+ Qxh7 27. Qxd8 b6 28. Nd7 Nxd7 29. Qxd7 1-0

[Event "Titled Tuesday intern op 09th Jan Early"]
[Site "Chess.com INT"]
[Date "2024.01.09"]
[Round "6"]
[White "Suyarov, Mukhammadzokhid"]
[Black "Belov, Alexei"]
[Result "0-1"]
[WhiteElo "2413"]
[BlackElo "2421"]
[PlyCount "70"]
[EventDate "2024.01.09"]
[EventType "swiss (blitz)"]
[EventRounds "11"]
[EventCountry "USA"]
[SourceTitle "CB03_2024"]
[SourceDate "2024.01.17"]
[SourceVersion "1"]
[SourceVersionDate "2024.01.17"]
[SourceQuality "1"]

1. e4 e6 2. d4 d5 3. Nc3 Nf6 4. e5 Ne4 5. Nxe4 dxe4 6. Be3 c5 7. dxc5 Nd7 8. c3 Qc7 9. b4 b6 10. cxb6 Qxc3+ 11. Bd2 Qxe5 12. bxa7 Rxa7 13. Ne2 Ba6 14. Rc1 Be7 15. Bc3 Qg5 16. Bd2 Qe5 17. Bc3 Qg5 18. Nd4 Bxf1 19. Kxf1 Rxa2 20. h4 Qf4 21. Ne2 Qg4 22. Rh3 Bxh4 23. Be1 0-0 24. Rxh4 Qxh4 25. Qxd7 e3 26. Ng3 exf2 27. Bxf2 Rxf2+ 28. Kxf2 Qf4+ 29. Ke2 Qxc1 30. Qd4 Rc8 31. Ne4 h6 32. Kf3 Qc4 33. Qe3 Qd5 34. Qe2 Rc4 35. Kf4 f5 0-1

[Event "Titled Tuesday intern op 19th Dec Early"]
[Site "Chess.com INT"]
[Date "2023.12.19"]
[Round "9"]
[White "Belov, Alexei"]
[Black "Feuerstack, Aljoscha"]
[Result "1-0"]
[WhiteElo "2421"]
[BlackElo "2464"]
[PlyCount "65"]
[EventDate "2023.12.19"]
[EventType "swiss (blitz)"]
[EventRounds "11"]
[EventCountry "USA"]
[SourceTitle "CB52_2023"]
[SourceDate "2023.12.27"]
[SourceVersion "1"]
[SourceVersionDate "2023.12.27"]
[SourceQuality "1"]

1. e4 c6 2. d4 d5 3. Nd2 a6 4. Ngf3 Bg4 5. c3 dxe4 6. Nxe4 Nf6 7. Nxf6+ exf6 8. Bc4 Bd6 9. 0-0 0-0 10. Qd3 Nd7 11. Nh4 b5 12. Bb3 Nc5 13. Qc2 Nxb3 14. axb3 g6 15. h3 f5 16. Nxg6 fxg6 17. hxg4 fxg4 18. Qe4 Qd7 19. Bh6 Rae8 20. Qd3 Rf5 21. g3 Rf3 22. Qd2 Bxg3 23. fxg3 Rxg3+ 24. Kh2 Rh3+ 25. Kg1 Rg3+ 26. Kh2 Rh3+ 27. Kg1 Qd5 28. Qg2 Qxg2+ 29. Kxg2 Re2+ 30. Rf2 Rxf2+ 31. Kxf2 Rxh6 32. Kg3 Rh2 33. Kxh2 1-0

[Event "Titled Tuesday intern op 19th Dec Early"]
[Site "Chess.com INT"]
[Date "2023.12.19"]
[Round "2"]
[White "Harutjunyan, Gevorg"]
[Black "Belov, Alexei"]
[Result "1-0"]
[WhiteElo "2358"]
[BlackElo "2421"]
[PlyCount "91"]
[EventDate "2023.12.19"]
[EventType "swiss (blitz)"]
[EventRounds "11"]
[EventCountry "USA"]
[SourceTitle "CB52_2023"]
[SourceDate "2023.12.27"]
[SourceVersion "1"]
[SourceVersionDate "2023.12.27"]
[SourceQuality "1"]

1. e4 e6 2. d4 d5 3. Nc3 Nf6 4. Bg5 dxe4 5. Nxe4 Be7 6. Bxf6 Bxf6 7. Nf3 0-0 8. Qe2 Nd7 9. 0-0-0 b6 10. h4 Bb7 11. Neg5 h6 12. Ne4 Be7 13. Ne5 Nf6 14. Nxf6+ Bxf6 15. f4 Qd5 16. Kb1 Rad8 17. Qe3 c5 18. Bc4 Qxg2 19. Rhg1 Qe4 20. Qxe4 Bxe4 21. dxc5 Bxe5 22. fxe5 bxc5 23. b3 Rfe8 24. Bb5 Rf8 25. Bc4 Bf3 26. Rdf1 Bh5 27. Bd3 Rd4 28. Rh1 f5 29. exf6 Rxf6 30. Re1 Kf7 31. Re5 Bg6 32. Bxg6+ Kxg6 33. h5+ Kh7 34. Rxc5 Rf5 35. Rc7 Rdd5 36. Rxa7 Rxh5 37. Re1 Rde5 38. Rc1 Rh4 39. a4 h5 40. a5 Rb4 41. Kb2 Re2 42. a6 h4 43. Rb7 Ree4 44. a7 Rxb7 45. a8Q Rbb4 46. Rg1 1-0

[Event "Titled Tuesday intern op 12th Dec Early"]
[Site "Chess.com INT"]
[Date "2023.12.12"]
[Round "5"]
[White "Dragun, Kamil"]
[Black "Belov, Alexei"]
[Result "1-0"]
[WhiteElo "2553"]
[BlackElo "2421"]
[PlyCount "129"]
[EventDate "2023.12.12"]
[EventType "swiss (blitz)"]
[EventRounds "11"]
[EventCountry "USA"]
[SourceTitle "CB51_2023"]
[SourceDate "2023.12.20"]
[SourceVersion "1"]
[SourceVersionDate "2023.12.20"]
[SourceQuality "1"]

1. d4 d5 2. c4 e6 3. Nf3 Nf6 4. Nc3 Be7 5. Bf4 0-0 6. e3 Nbd7 7. c5 c6 8. h3 b6 9. b4 a5 10. a3 h6 11. Bd3 Ba6 12. 0-0 Qc8 13. Rc1 Bxd3 14. Qxd3 Qb7 15. Ne5 axb4 16. axb4 Ra3 17. b5 Nxe5 18. dxe5 Ne4 19. bxc6 Qxc6 20. Nxd5 Bxc5 21. Ne7+ Bxe7 22. Qxa3 Bc5 23. Qd3 g5 24. Bh2 Qd5 25. Qxd5 exd5 26. Rfd1 Rd8 27. Rd3 Bb4 28. Rb1 Bc5 29. Rbd1 Ra8 30. Rxd5 Ra2 31. Bg3 Nxg3 32. fxg3 Bxe3+ 33. Kh2 h5 34. Rd7 Rf2 35. e6 fxe6 36. Re1 Bc5 37. Rxe6 h4 38. Re8+ Rf8 39. Rxf8+ Kxf8 40. g4 Bf2 41. Rb7 Ke8 42. Rg7 Be3 43. g3 hxg3+ 44. Kxg3 Kd8 45. Kf3 Bd2 46. Ke4 Kc8 47. Kd5 Be3 48. Kc6 Kd8 49. Kd5 Kc8 50. Ke4 Bd2 51. Kf5 b5 52. Ke4 b4 53. Kd3 Bf4 54. Kc4 Bd2 55. Kb3 Kd8 56. Rf7 Kc8 57. Kc4 Kd8 58. Kd3 Bc3 59. Rf5 Ba1 60. Rxg5 Kc7 61. Rf5 Kc6 62. g5 b3 63. g6 b2 64. Kc2 Kd6 65. Kb1 1-0

[Event "Titled Tuesday intern op 12th Dec Early"]
[Site "Chess.com INT"]
[Date "2023.12.12"]
[Round "8"]
[White "Marchesich, Giovanni"]
[Black "Belov, Alexei"]
[Result "0-1"]
[WhiteElo "2223"]
[BlackElo "2421"]
[PlyCount "70"]
[EventDate "2023.12.12"]
[EventType "swiss (blitz)"]
[EventRounds "11"]
[EventCountry "USA"]
[SourceTitle "CB51_2023"]
[SourceDate "2023.12.20"]
[SourceVersion "1"]
[SourceVersionDate "2023.12.20"]
[SourceQuality "1"]

1. e4 e6 2. d3 d5 3. Nd2 Nf6 4. Ngf3 Nc6 5. Be2 e5 6. 0-0 g6 7. c3 a5 8. a4 Bg7 9. Qc2 0-0 10. Re1 Re8 11. Bf1 h6 12. b3 Kh7 13. Bb2 Be6 14. Rad1 Qd7 15. exd5 Nxd5 16. Ne4 b6 17. d4 exd4 18. Bb5 Bg4 19. Nxd4 Bxd1 20. Bxc6 Bxc2 21. Bxd7 Rxe4 22. Nxc2 Rxe1+ 23. Nxe1 Rd8 24. Bc6 Nxc3 25. Bf3 Rd2 26. Bc1 Ne2+ 27. Bxe2 Rxe2 28. Kf1 Ra2 29. Nd3 Bd4 30. f3 c6 31. h4 b5 32. axb5 cxb5 33. g4 Rc2 34. Ke1 Rc3 35. Bd2 Rxd3 0-1